| 000 | 00433nam a2200157 a 4500 | ||
|---|---|---|---|
| 005 | 20140310183509.0 | ||
| 008 | 101018s19uu xx 00 eng d | ||
| 020 | _a978-1-4129-5030-5 | ||
| 100 | _aEadie, William F., edited by | ||
| 245 |
_a21st century communication : _ba reference handbook vol. 1. |
||
| 260 |
_aLos Angeles : _bSage, _c2009. |
||
| 300 | _a486 | ||
| 650 | _aCommunication. | ||
| 650 | _aMass Media. | ||
| 942 | _cBK | ||
| 999 |
_c24132 _d24132 |
||